| 000 | 00562nam a2200181 a 4500 | ||
|---|---|---|---|
| 005 | 20140310183139.0 | ||
| 008 | 020821s19uu xx 00 eng d | ||
| 050 |
_aJQ 1412 _b.L48 1995 |
||
| 100 | _aLeveriza, Jose P. | ||
| 245 |
_aPersonnel Administration in the Government / _cJose P. Leveriza. |
||
| 250 | _a2nd ed. | ||
| 260 |
_aMetro Manila, Philippines : _bNational Book Store, _c1995. |
||
| 300 |
_a243 p. : _bill. ; _c22 cm. |
||
| 521 | _aBSBA | ||
| 650 |
_aCivil service _xPhilippines _xpersonnel management. |
||
| 942 |
_cBK _2lcc _kLOC |
||
| 999 |
_c19366 _d19366 |
||